|
|
|
|
| LEADER |
00000nam a2200000Ii 4500 |
| 001 |
DIGUNIMAG0060 |
| 003 |
NyNyDIG |
| 006 |
m o d |
| 007 |
cr ||||||||||| |
| 008 |
200810s2019 ck a ob 000 0 spa d |
| 035 |
|
|
|a (OCoLC)1125351437
|
| 040 |
|
|
|a DGITA
|b eng
|e rda
|e pn
|c DGITA
|
| 020 |
|
|
|a 9789587461671
|q eBook
|q pdf
|
| 020 |
|
|
|a 9587461673
|q eBook
|q pdf
|
| 020 |
|
|
|a 9789587462227
|q ebook
|q ePub
|
| 020 |
|
|
|a 958746222X
|q ebook
|q ePub
|
| 020 |
|
|
|z 9789587462210
|q impreso
|
| 020 |
|
|
|z 9789587462211
|q impreso
|
| 043 |
|
|
|a s-ck---
|
| 050 |
1 |
4 |
|a HD8039.F66 ebook
|
| 082 |
0 |
4 |
|a 338.37270974721
|
| 100 |
1 |
|
|a Toncel Mozo, Eliana Milena,
|e author.
|
| 245 |
1 |
0 |
|a Entre el agua y la tierra :
|b las poblaciones de pescadores artesanales del sur del Magdalena : Plato y Santa Bárbara de Pinto /
|c Eliana Milena Toncel Mozo, Laura Cecilia Chaves Herrera, Fabio Silva Vallejo, Danny Martínez Castiblanco, Alexander Rodríguez Contreras.
|
| 250 |
|
|
|a Primera edición.
|
| 264 |
|
1 |
|a Santa Marta, Colombia :
|b Editorial Unimagdalena,
|c 2019.
|
| 300 |
|
|
|a 1 online resource. :
|b illustrations.
|
| 336 |
|
|
|a text
|b txt
|2 rdacontent
|
| 337 |
|
|
|a computer
|b c
|2 rdamedia
|
| 338 |
|
|
|a online resource
|b cr
|2 rdacarrier
|
| 347 |
|
|
|a text file
|2 rdaft
|
| 347 |
|
|
|b PDF
|
| 347 |
|
|
|b EPUB
|
| 490 |
1 |
|
|a Colección Ciencias sociales. Serie: Antropología y sociología
|
| 504 |
|
|
|a Includes bibliographical references.
|
| 588 |
0 |
|
|a Online resource; title from PDF title page (Digitalia, viewed August 11, 2020)
|
| 650 |
|
0 |
|a Fishers
|z Colombia
|z Magdalena (Department)
|
| 650 |
|
0 |
|a Small-scale fisheries
|z Colombia
|z Magdalena (Department)
|
| 655 |
|
0 |
|a Electronic books.
|
| 700 |
1 |
|
|a Chaves Herrera, Laura Cecilia,
|e author.
|
| 700 |
1 |
|
|a Silva Vallejo, Fabio,
|d 1962-
|e author.
|
| 700 |
1 |
|
|a Martínez Castiblanco, Danny,
|e author.
|
| 700 |
1 |
|
|a Rodríguez Contreras, Alexander,
|d 1986-
|e author.
|
| 791 |
2 |
|
|a Digitalia (Firm),
|e distributor.
|
| 793 |
0 |
|
|g Digitalia eBook Collection:
|a Ediciones Unimagdalena
|
| 776 |
0 |
8 |
|i Print version:
|a Toncel Mozo, Eliana Milen.
|t Entre el agua y la tierra.
|b Primera edición.
|d Santa Marta, Colombia : Editorial Unimagdalena, 2019
|z 9789587462210
|w (OCoLC)1163674813
|
| 830 |
|
0 |
|a Ciencias sociales (Editorial Unimagdalena).
|p Serie: Antropología y sociología.
|
| 856 |
4 |
0 |
|3 Digitalia Hispánica
|u https://www.digitaliapublishing.com/a/61662/
|
| 910 |
|
|
|a Premium collection: 2020
|